The National Wage Stabilization Board, January 1, 1946-February 24, 1947. (Record no. 36607)
[ view plain ]
| 000 -LEADER | |
|---|---|
| fixed length control field | 01011cam a22002531 4500 |
| 001 - CONTROL NUMBER | |
| control field | l 48000045 |
| 003 - CONTROL NUMBER IDENTIFIER | |
| control field | DLC |
| 005 - DATE AND TIME OF LATEST TRANSACTION | |
| control field | 20260227111540.0 |
| 008 - FIXED-LENGTH DATA ELEMENTS--GENERAL INFORMATION | |
| fixed length control field | 800514s1948 dcu f000 0 eng c |
| 010 ## - LIBRARY OF CONGRESS CONTROL NUMBER | |
| LC control number | l 48000045 |
| 035 ## - SYSTEM CONTROL NUMBER | |
| System control number | (OCoLC)6315729 |
| 040 ## - CATALOGING SOURCE | |
| Original cataloging agency | U.S. Dept. of Labor. Library |
| Transcribing agency | OCl |
| Modifying agency | DLC |
| 042 ## - AUTHENTICATION CODE | |
| Authentication code | premarc |
| 050 00 - LIBRARY OF CONGRESS CALL NUMBER | |
| Classification number | HD4935.U4 |
| Item number | A55 1947 |
| 082 ## - DEWEY DECIMAL CLASSIFICATION NUMBER | |
| Classification number | 331.2973 |
| 110 1# - MAIN ENTRY--CORPORATE NAME | |
| Corporate name or jurisdiction name as entry element | United States. |
| Subordinate unit | National Wage Stabilization Board. |
| 245 04 - TITLE STATEMENT | |
| Title | The National Wage Stabilization Board, January 1, 1946-February 24, 1947. |
| Remainder of title | A documentary history of the Board together with brief explanations of its formation, organization, and activities. |
| 260 ## - PUBLICATION, DISTRIBUTION, ETC. | |
| Place of publication, distribution, etc. | Washington, |
| Name of publisher, distributor, etc. | U.S. Govt. Print. Off. |
| Date of publication, distribution, etc. | [1948] |
| 300 ## - PHYSICAL DESCRIPTION | |
| Extent | viii, 594 p. |
| Dimensions | 24 cm. |
| 490 1# - SERIES STATEMENT | |
| Series statement | Historical reports on war administration. |
| 610 10 - SUBJECT ADDED ENTRY--CORPORATE NAME | |
| Corporate name or jurisdiction name as entry element | United States. |
| Subordinate unit | National Wage Stabilization Board. |
| 650 #0 - SUBJECT ADDED ENTRY--TOPICAL TERM | |
| Topical term or geographic name entry element | Wages |
| Geographic subdivision | United States. |
| 810 1# - SERIES ADDED ENTRY--CORPORATE NAME | |
| Corporate name or jurisdiction name as entry element | United States. |
| Title of a work | United States Government historical reports on war administration. |
No items available.